000 00521nam a2200193Ia 4500
001 22456
003 GE_BSU
008 181216s||||||||xx |||||||||||||| ||und||
040 _cGE_BSU
245 _aPS Political Science and Politics. #1 Vol. 51.
245 _cEditor Ph. Ardion., P. Gronke
260 _aWashington
260 _c2018
300 _a274 p. 30 cm. ill.
653 _aPS Political Science and Politics. #1 Vol. 51.
653 _aПериодика
653 _aპერიოდიკა
942 _cCR
999 _c55378
_d55378